| Tag |
First Indicator |
Second Indicator |
Subfields |
| LEADER |
00000cam a2200000Ia 4500 |
| 001 |
in00002284539 |
| 005 |
20190326191854.0 |
| 006 |
m | d | |
| 007 |
cr |n||||||||n |
| 008 |
880810s1844 enk s 000 0 eng d |
| 035 |
|
|
|a (OCoLC)ocm18337324
|
| 040 |
|
|
|a DLM
|c GKR
|d OCL
|d Thomson Gale
|d UtOrBLW
|
| 043 |
|
|
|a e-uk---
|
| 100 |
1 |
|
|a Torrens, R.
|q (Robert),
|d 1780-1864.
|
| 245 |
1 |
0 |
|a Reply to the objections of the Westminster review to the government plan for the regulation of the currency /
|c by R. Torrens.
|
| 264 |
|
1 |
|a London :
|b Smith, Elder, and Co.,
|c 1844.
|
| 300 |
|
|
|a 40 pages
|
| 336 |
|
|
|a text
|b txt
|2 rdacontent
|
| 337 |
|
|
|a computer
|b c
|2 rdamedia
|
| 338 |
|
|
|a online resource
|b cr
|2 rdacarrier
|
| 500 |
|
|
|a Reproduction of original from Goldsmiths' Library, University of London.
|
| 500 |
|
|
|a Goldsmiths'-Kress number 33837.
|
| 510 |
4 |
|
|a OCLC,
|c 18337324
|
| 533 |
|
|
|a Electronic reproduction.
|b Farmington Hills, Mich. :
|c Thomson Gale,
|d 2005.
|f (The making of the modern world).
|n Available via the World Wide Web.
|n Access limited to licensing agreements.
|7 s2005 miunns
|
| 500 |
|
|
|a Electronic resource.
|
| 650 |
|
0 |
|a Currency question
|z Great Britain.
|
| 655 |
|
0 |
|a Electronic books.
|
| 830 |
|
0 |
|a Making of the modern world (Goldsmiths'-Kress Library of Economic Literature)
|
| 856 |
4 |
0 |
|u http://proxy.library.tamu.edu/login?url=http://galenet.galegroup.com/servlet/MOME?af=RN&ae=U106408068&srchtp=a&ste=14&locID=txshracd2898
|z Connect to the full text of this electronic book
|t 0
|
| 999 |
|
|
|a MARS
|
| 999 |
f |
f |
|s 38cd67f9-d26f-3dc7-9c83-18b14824e2d2
|i 7d436c9b-03bb-37dc-99dd-03f7e82ce740
|t 0
|
| 952 |
f |
f |
|a Texas A&M University
|b College Station
|c Electronic Resources
|d Available Online
|t 0
|h No information provided
|
| 998 |
f |
f |
|t 0
|l Available Online
|